000 00930nam a22002777a 4500
001 BR0304509
003 BR-BrBNA
005 20230928101359.0
007 ta
008 230509b bl.||||| |||| 00| 0 por d
040 _aBR-BrBNA
_bpor
_cBiblioteca Nacional de Agricultura
041 _a(Por)
072 _aE50
_b4020
_b3877
090 _ 4020 BR0304509
100 1 _aSalmeron, E.
110 1 _aEscola Superior de Agricultura Luiz de Queiroz, Piracicaba, SP (Brasil)
_0Tese (Doutor em Ciências)
245 1 _aSubsídios para o manejo da resistência de Blattella germanica (L., 1767)(Dictyoptera: Blattellidae)a inseticidas
260 3 _aPiracicaba, SP (Brasil):
_c2002.
300 _a118 p.
500 _aSummaries (Eng, Por); Bibliography p. 101-116; 11 illus.; 14 tables
650 _aBARATA
650 _aINSETICIDA
650 _aRESISTÊNCIA A PESTICIDA
909 _a202309
_bLucia
_c55
_dLucia Elande
942 _cBK
999 _c65538
_d65538